| 000 | 00473nam a2200181Ia 4500 | ||
|---|---|---|---|
| 001 | 22043 | ||
| 003 | GE_BSU | ||
| 008 | 181216s||||||||xx |||||||||||||| ||und|| | ||
| 040 | _cGE_BSU | ||
| 245 | 4 | _aThe Economist, January 13th-19th №9074. 2018 | |
| 260 | _aLondon | ||
| 260 | _c2018 | ||
| 300 | _a78 p. 27cm. ill. | ||
| 653 | _aThe Economist, January 13th-19th №9074. 2018 | ||
| 653 | _aПериодика | ||
| 653 | _aპერიოდიკა | ||
| 942 | _cCR | ||
| 999 |
_c54972 _d54972 |
||